000
00268nam a22001217a 4500
999
_c
14007
_d
14007
020
_a
9780415101585
082
_a
338
100
_a
C William Emory
245
_a
Business Research Methods
260
_a
London
_b
Printice Hall
_c
1980
300
_a
520 pages
942
_c
BK